Statistics for All Poké Ball Pokémon In Super Smash Bros. Ultimate

Click here to take the quiz!

General Stats

  • This quiz has been taken 9 times
  • The average score is 37 of 55

Answer Stats

Answer% Correct
Chespin
100%
Keldeo
100%
Lugia
100%
Mew
100%
Moltres
100%
Suicune
100%
Darkrai
83%
Entei
83%
Fennekin
83%
Gogoat
83%
Goldeen
83%
Kyogre
83%
Latias & Latios
83%
Metagross
83%
Mimikyu
83%
Oshawott
83%
Pyukumuku
83%
Solgaleo
83%
Victini
83%
Abomasnow
67%
Abra
67%
Alolan Vulpix
67%
Bewear
67%
Dedenne
67%
Ditto
67%
Gardevoir
67%
Genesect
67%
Kyurem
67%
Lunala
67%
Marshadow
67%
Meloetta
67%
Meowth
67%
Snorlax
67%
Staryu
67%
Tapu Koko
67%
Togedemaru
67%
Vulpix
67%
Alolan Exeggutor
50%
Alolan Raichu
50%
Arceus
50%
Deoxys
50%
Eevee
50%
Electrode
50%
Inkay
50%
Palkia
50%
Scizor
50%
Snivy
50%
Togepi
50%
Xerneas
50%
Bellossom
33%
Fletchling
33%
Giratina
33%
Spewpa
33%
Swirlix
17%
Zoroark
17%

Score Distribution

Percentile by Number Answered

Percent of People with Each Score

Your Score History

You have not taken this quiz